000 00965nam a2200265 i 4500
001 bg
003 KOSZ 005
005 20200630132817.0
008 080302s1965 pl a f f 001 0 pol
015 _aPB 1965/3642
040 _aWA N
_cKOSZ 005/RW
_dKOSZ 005/RW
080 _a669+621
100 1 _aMuszyński, Zbigniew
_d(1912-1991)
_eAutor
245 1 0 _aWybrane działy z technologii materiałów.
_nCz. 4,
_pZarys obróbki metali skrawaniem /
_cZbigniew Muszyński.
260 _aWarszawa :
_bPaństwowe Wydawnictwo Naukowe,
_c1965.
300 _a182 s. :
_bil. ;
_c24 cm.
380 _aKsiążki.
504 _aBibliogr. s. 177.
521 8 _aSkrypt dla studentów wyższych szkół rolniczych.
650 4 _aSkrawanie
655 4 _aPodręczniki akademickie
710 2 _aPaństwowe Wydawnictwo Naukowe
_4pbl.
856 _uhttp://koha.tu.koszalin.pl/cgi-bin/koha/opac-detail.pl?biblionumber=7800
_yKatalog online BPK
942 _2UKD
_cKS
999 _c7800
_d7800